000 01380nam2a2200265 4500
001 RU\NLR\BIBL_A\016240545
005 20250625005650.0
035 _a(NLR Aleph) 016240545
090 _a12796098
_c12796098
100 _a20221216j18741218|||y0rusy50 ca
101 0 _arus
102 _aRU
135 _acrgn 008anaba
200 0 _a1874, № 18 (18 (30) дек.)
210 _d1874
_aБ. м.
325 1 _aКопия доступна в электронной библиотеке РНБ
461 0 _1001RU\NLR\DRGNLR\3134
_12001#$aНовое время$fОсн. А.С.Суворин; Ред. Б.Суворин, Ф.Борнгардт [и др.]$v1874, № 18 (18 (30) дек.)
_910639415
_a"Новое время", т-во (Петербург)
_cПг
_d1868 - 1917
_fОсн. А.С.Суворин; Ред. Б.Суворин, Ф.Борнгардт [и др.]
_nИзд. т-ва А.С.Суворина
_tНовое время
_v1874, № 18 (18 (30) дек.)
852 _aNLR
_j1-П/2-27
901 _eГазеты
942 _cISSNP
980 _aNB
981 4 4 _a(44) Оцифровано по рекомендациям читателей
981 2 7 _a(27) Периодические издания
_b(27) Газеты